פרשות השבוע - Statistics

General Stats
  • This quiz has been taken 12 times
  • The average score is 51 of 54
Answer Stats
חומש פרשה % Correct
בראשית בראשית
100%
בראשית נח
100%
בראשית לך לך
100%
בראשית וירא
100%
בראשית חיי שרה
100%
בראשית וישלח
100%
בראשית מקץ
100%
בראשית ויחי
100%
שמות שמות
100%
שמות וארא
100%
שמות בא
100%
שמות יתרו
100%
שמות משפטים
100%
שמות תרומה
100%
שמות תצוה
100%
שמות ויקהל
100%
שמות פקודי
100%
ויקרא ויקרא
100%
ויקרא אחרי מות
100%
ויקרא קדושים
100%
ויקרא אמור
100%
במדבר במדבר
100%
במדבר קרח
100%
במדבר חקת
100%
במדבר בלק
100%
במדבר פנחס
100%
במדבר מטות
100%
במדבר מסעי
100%
דברים דברים
100%
דברים ואתחנן
100%
דברים עקב
100%
דברים ראה
100%
דברים שופטים
100%
דברים כי תצא
100%
דברים כי תבוא
100%
דברים וילך
100%
בראשית ויצא
88%
בראשית ויגש
88%
שמות בשלח
88%
ויקרא צו
88%
ויקרא שמיני
88%
ויקרא בחוקותי
88%
במדבר נשא
88%
במדבר בהעלותך
88%
במדבר שלח
88%
דברים ניצבים
88%
דברים וזאת הברכה
88%
בראשית תולדות
75%
בראשית וישב
75%
שמות כי תשא
75%
ויקרא תזריע
75%
ויקרא מצורע
75%
ויקרא בהר
75%
דברים האזינו
75%
No matching quizzes found
Score Distribution
Percent of People with Each Score
Percentile by Number Answered
Your Score History
You have not taken this quiz